000
00325nam a22001457a 4500
003
SGT
020
_a
9788119114047
082
_a
340.071
_b
MEN
100
_a
MENON MADHAVA N R
245
_a
CLINICAL LEGAL EDUCATION
250
_a
1
260
_a
LUCKNOW
_b
EASTERN BOOK COMPANY
_c
2023
300
_a
XVI ,311
942
_2
ddc
_c
BK
999
_c
24015
_d
24015